Water quality in major land use systems of Western ghats in Kottayam and Idukki districts of Kerala (Record no. 48678)

MARC details
000 -LEADER
fixed length control field 00712nam a2200205Ia 4500
100 ## - MAIN ENTRY--AUTHOR NAME
Personal name Prasannakumari P
245 #0 - TITLE STATEMENT
Title Water quality in major land use systems of Western ghats in Kottayam and Idukki districts of Kerala
260 ## - PUBLICATION, DISTRIBUTION, ETC. (IMPRINT)
Name of publisher PLACROSYM XXIII. Climate Resilient Technologies for Sustainability of Plantation Crops, 6-8 March 2019, Central Coffee Research Institute, Chikkamangaluru, Karnataka, India, Abstracts, p.65.
650 ## - SUBJECT ADDED ENTRY--TOPICAL TERM
Topical Term Cardamom
650 ## - SUBJECT ADDED ENTRY--TOPICAL TERM
Topical Term Land use
650 ## - SUBJECT ADDED ENTRY--TOPICAL TERM
Topical Term Rubber
650 ## - SUBJECT ADDED ENTRY--TOPICAL TERM
Topical Term Tea
650 ## - SUBJECT ADDED ENTRY--TOPICAL TERM
Topical Term Water quality
700 ## - ADDED ENTRY--PERSONAL NAME
Personal name Jacob J
700 ## - ADDED ENTRY--PERSONAL NAME
Personal name Jessy M.D
700 ## - ADDED ENTRY--PERSONAL NAME
Personal name Pradeep B
700 ## - ADDED ENTRY--PERSONAL NAME
Personal name Ulaganathan A
942 ## - ADDED ENTRY ELEMENTS (KOHA)
Koha item type Bibliography STAF
Holdings
Withdrawn status Lost status Damaged status Not for loan Home library Current library Shelving location Date acquired Koha item type
      Bibliography RRII Library RRII Library Agronomy 01/01/2021 Bibliography STAF